00537nam a22001937a 450000500170000001000140001702000110003103500130004203700130005508200130006810000150008124500570009626000380015327000570019130000330024850000400028165000190032170000030034020100809111224.0 aENG-98965 c120.00 aEN-82497 bDBAD/PUB a621.3678 aT. Kavitha aBasic prinsciples of remote senisng /cby T. Kavitha aChennaibPavai Publicationsc2008 a142, jani Jan Khan Road, RoyapettahbChennaie600014 a214 p. : c21 cm. (Pbk)bill aIncludes bibliographical references aRemote senisng